000 00362nam a2200133Ia 4500
005 20260328101523.0
008 260328s9999||||xx |||||||||||||| ||und||
100 _aPlater Zyberk, Duany
245 0 _aSmart Code :
_b Un código inteligente de Diseño Urbano /
_cDuany Plater Zyberk
260 _bUnión
300 _a63 p.
650 _aDISEÑO URBANO
942 _cBK
999 _c9664
_d9664